| Tag |
First Indicator |
Second Indicator |
Subfields |
| LEADER |
00000cam a2200000 a 4500 |
| 001 |
in00000003833 |
| 007 |
he bmb024baca |
| 008 |
990420s1998 pau bb f000 0 eng d |
| 005 |
20230309222522.3 |
| 035 |
|
|
|a (OCoLC)ocm41215306
|
| 035 |
|
|
|9 AJF9792AM
|
| 035 |
|
|
|a in00000003833
|
| 040 |
|
|
|a GPO
|c GPO
|d OCL
|d GPO
|d DLC
|d MvI
|d UtOrBLW
|
| 043 |
|
|
|a aw-----
|
| 049 |
|
|
|a UDOC
|
| 049 |
|
|
|a WWW
|
| 074 |
|
|
|a 0325 (MF)
|
| 074 |
|
|
|a 0325 (online)
|
| 086 |
0 |
|
|a D 101.2:ST 8/SE 2
|
| 100 |
1 |
|
|a Hajjar, Sami G.,
|d 1939-
|
| 245 |
1 |
0 |
|a Security implications of the proliferation of weapons of mass destruction in the Middle East /
|c Sami G. Hajjar.
|
| 264 |
|
1 |
|a [Carlisle Barracks, Pa.] (122 Forbes Ave., Carlisle 17013-5244) :
|b U.S. Army War College, Strategic Studies Institute,
|c [1998]
|
| 300 |
|
|
|a vi, 53 pages ;
|c 23 cm.
|
| 336 |
|
|
|a text
|b txt
|2 rdacontent
|
| 337 |
|
|
|a microform
|b h
|2 rdamedia
|
| 338 |
|
|
|a microfiche
|b he
|2 rdacarrier
|
| 500 |
|
|
|a Shipping list number: 99-0367-M.
|
| 500 |
|
|
|a "December 17, 1998."
|
| 504 |
|
|
|a Includes bibliographical references (pages 41-53).
|
| 533 |
|
|
|a Microfiche.
|b [Washington, D.C.] :
|c Supt. of Docs., U.S.G.P.O.,
|d [1999]
|e 1 microfiche : negative.
|
| 530 |
|
|
|a Also available via Internet from the SSI web site (PDF only). Address as of 5/22/01: http://carlisle-www.army.mil/usassi/ssipubs/pubs98/weapons/weapons.pdf; current access is available via PURL.
|
| 500 |
|
|
|a Microform.
|
| 650 |
|
0 |
|a Tactical nuclear weapons
|z Middle East.
|
| 650 |
|
0 |
|a Nuclear weapons
|z Middle East.
|
| 650 |
|
0 |
|a National security
|z Middle East.
|
| 651 |
|
0 |
|a Middle East
|x Strategic aspects.
|
| 650 |
|
0 |
|a Nuclear nonproliferation.
|
| 710 |
2 |
|
|a Army War College (U.S.).
|b Strategic Studies Institute.
|
| 856 |
4 |
1 |
|u https://purl.fdlp.gov/GPO/LPS12154
|z Adobe Acrobat Reader required
|t 0
|
| 999 |
|
|
|a MARS
|
| 999 |
f |
f |
|i 0a70cf94-83ac-347a-8b1d-b461f155807c
|s 742f1a4f-addf-3c3f-bd1b-c5cd0292ac40
|t 0
|
| 952 |
f |
f |
|p normal
|a Texas A&M University
|b College Station
|c Sterling C. Evans Library
|d Evans: US Documents Microfiche (3rd floor)
|t 0
|e D 101.2:ST 8/SE 2
|h Superintendent of Documents classification
|i microform -- microfiche
|m A14824484817
|
| 952 |
f |
f |
|a Texas A&M University
|b College Station
|c Electronic Resources
|d Available Online
|t 0
|e D 101.2:ST 8/SE 2
|h Superintendent of Documents classification
|
| 998 |
f |
f |
|a D 101.2:ST 8/SE 2
|t 0
|l Available Online
|
| 998 |
f |
f |
|a D 101.2:ST 8/SE 2
|t 0
|l Evans: US Documents Microfiche (3rd floor)
|